• 首页
  • 本馆介绍
  • 公告通知
  • 最新文献
  • 馆藏检索
  • 电子资源
  • 读者荐购
  • 参考咨询
  • CALIS
  • 我的图书馆
  • 登录
  • 详细信息显示
  • 放入我的书架
  • 预约/预借图书
  • 作者相关作品
  • 分类相关作品
  • 丛书相关作品
  • 出版社相关作品

书目信息

  • 表格格式
  • 工作单格式
  • 卡片格式
题名:
外墙设计
    
 
作者: 布劳克, 著 ;张圆 , 包红霏 译
分册:  
出版信息: 沈阳   辽宁科学技术出版社  2007.05
页数: 375页
开本: 28cm
丛书名:
单 册:
中图分类: TU227
科图分类:
主题词: 外墙--wai qiang--建筑结构--结构设计
电子资源:
ISBN: 978-7-5381-5000-1
 
 
 
 
 
000 01241nam0 2200301 450
001 012008532216
005 20080419152030.64
010    @a978-7-5381-5000-1@b精装@dCNY98.00
100    @a20080419d2007 em y0chiy0120 ea
101 1  @achi@ceng
102    @aCN@b210000
105    @aa z 000yy
106    @ar
200 1  @a外墙设计@Awai qiang she ji@e竖向围护结构建筑设计指南@f(美) 琳达·布劳克著@F(mei)lin da·bu lao ke zhu@g张圆, 包红霏译@Gzhang yuan,bao hong fei yi
210    @a沈阳@c辽宁科学技术出版社@d2007.05
215    @a375页@c图@d28cm
306    @a美国John Wiley & Sons Limited授权出版
312    @a英文并列题名取自封面
330    @a本书包括墙体组件的选择、耐久性的细部设计和围墙结构的发展三大部分,分别对影响外墙设计的决定性因素;隔水层和披水板构造;空气隔绝系统、隔汽层和保温层;幕墙;锚挂砖饰面等建筑设计进行了描述。
500 10 @aDesigning: the exterior wall@mChinese
517 1  @a竖向围护结构建筑设计指南@Ashu xiang wei hu jie gou jian zhu she ji zhi nan
606 0  @a外墙@Awai qiang@x建筑结构@x结构设计
690    @aTU227@v4
701  1 @a布劳克,@Abu lao ke@b琳达@4著
702  0 @a张圆@Azhang yuan@4译
702  0 @a包红霏@Abao hong fei@4译
801  0 @aCN@bQSSK@c20080419
905    @b293604@dTU227@eB982@f1
    
    外墙设计:竖向围护结构建筑设计指南/(美) 琳达·布劳克著/张圆, 包红霏译.-沈阳:辽宁科学技术出版社,2007.05
    375页:图;28cm
    
    
    ISBN 978-7-5381-5000-1(精装):CNY98.00
    本书包括墙体组件的选择、耐久性的细部设计和围墙结构的发展三大部分,分别对影响外墙设计的决定性因素;隔水层和披水板构造;空气隔绝系统、隔汽层和保温层;幕墙;锚挂砖饰面等建筑设计进行了描述。
●
相关链接 在E读中查询图书 在当当中查询图书 在豆瓣中查询图书


正题名:外墙设计     索取号:TU227/B982         预约/预借

序号 登录号 条形码 馆藏地/架位号 状态 备注
1 293604   202936047   建筑库101/101建筑库 47排2列5层/ [索取号:TU227/B982] 在馆    
河南城建学院图书馆 欢迎您!
大连网信软件有限公司© 版权所有